Оценка вклада космической компоненты в суммарный β- и γ- фон приземной атмосферы; Вестник КРАУНЦ. Физико-математические науки; № 4 (20)
| Parent link: | Вестник КРАУНЦ. Физико-математические науки № 4 (20).— 2017.— [С. 28-34] |
|---|---|
| Autor principal: | |
| Autor corporatiu: | |
| Altres autors: | |
| Sumari: | Заглавие с экрана Представлены результаты моделирования в среде Geant4 характеристик атмосферных полей γ- и β-излучений, формирующихся при прохождении первичных космических лучей через атмосферы Земли. Оценки плотности потоков γ- и β-излучений с энергиями 50 кэВ-3 МэВ, формирующихся галактическим космическим излучением в приземной атмосфере составили около 33 и 1.5 м−2 с −1 , соответственно, что существенно ниже потоков, которые формируются почвенными и атмосферными радионуклидами. Получено, что вклад космической компоненты в суммарный γ- и β-фон приземной атмосферы на высотах около 50 м от земной поверхности составляет всего лишь около 0.06% и 1.14%, соответственно. В работе также был исследован барометрический эффект в различных диапазонах энергий фотонов и электронов. Режим доступа: по договору с организацией-держателем ресурса |
| Idioma: | rus |
| Publicat: |
2017
|
| Matèries: | |
| Accés en línia: | https://www.elibrary.ru/item.asp?id=32281820 https://doi.org/10.18454/2079-6641-2017-20-4-28-34 |
| Format: | MixedMaterials Electrònic Capítol de llibre |
| KOHA link: | https://koha.lib.tpu.ru/cgi-bin/koha/opac-detail.pl?biblionumber=666977 |
MARC
| LEADER | 00000naa0a2200000 4500 | ||
|---|---|---|---|
| 001 | 666977 | ||
| 005 | 20250228141714.0 | ||
| 035 | |a (RuTPU)RU\TPU\network\38181 | ||
| 035 | |a RU\TPU\network\25054 | ||
| 090 | |a 666977 | ||
| 100 | |a 20220209d2017 k||y0rusy50 ca | ||
| 101 | 0 | |a rus | |
| 102 | |a RU | ||
| 135 | |a drcn ---uucaa | ||
| 181 | 0 | |a i | |
| 182 | 0 | |a b | |
| 200 | 1 | |a Оценка вклада космической компоненты в суммарный β- и γ- фон приземной атмосферы |d The estimation of cosmic ray component contribution into the total β- and γ-background of atmosphere |f А. С. Зелинский, В. С. Яковлева | |
| 203 | |a Текст |c электронный | ||
| 300 | |a Заглавие с экрана | ||
| 320 | |a [Библиогр.: 15 назв.] | ||
| 330 | |a Представлены результаты моделирования в среде Geant4 характеристик атмосферных полей γ- и β-излучений, формирующихся при прохождении первичных космических лучей через атмосферы Земли. Оценки плотности потоков γ- и β-излучений с энергиями 50 кэВ-3 МэВ, формирующихся галактическим космическим излучением в приземной атмосфере составили около 33 и 1.5 м−2 с −1 , соответственно, что существенно ниже потоков, которые формируются почвенными и атмосферными радионуклидами. Получено, что вклад космической компоненты в суммарный γ- и β-фон приземной атмосферы на высотах около 50 м от земной поверхности составляет всего лишь около 0.06% и 1.14%, соответственно. В работе также был исследован барометрический эффект в различных диапазонах энергий фотонов и электронов. | ||
| 333 | |a Режим доступа: по договору с организацией-держателем ресурса | ||
| 461 | |t Вестник КРАУНЦ. Физико-математические науки | ||
| 463 | |t № 4 (20) |v [С. 28-34] |d 2017 | ||
| 510 | 1 | |a The estimation of cosmic ray component contribution into the total β- and γ-background of atmosphere |z eng | |
| 610 | 1 | |a труды учёных ТПУ | |
| 610 | 1 | |a электронный ресурс | |
| 610 | 1 | |a моделирование | |
| 610 | 1 | |a космические излучения | |
| 610 | 1 | |a фон | |
| 610 | 1 | |a приземная атмосфера | |
| 610 | 1 | |a ионизирующие излучения | |
| 610 | 1 | |a давление | |
| 610 | 1 | |a энергия | |
| 610 | 1 | |a фотоны | |
| 610 | 1 | |a электроны | |
| 610 | 1 | |a simulation | |
| 610 | 1 | |a cosmic radiation | |
| 610 | 1 | |a ionizing radiation | |
| 610 | 1 | |a ground atmosphere | |
| 610 | 1 | |a pressure | |
| 610 | 1 | |a barometric effect | |
| 610 | 1 | |a Geant4 | |
| 700 | 1 | |a Зелинский |b А. С. |g Алексей Сергеевич | |
| 701 | 1 | |a Яковлева |b В. С. |c физик |c доцент Томского политехнического университета, кандидат физико-математических наук |f 1970- |g Валентина Станиславовна |3 (RuTPU)RU\TPU\pers\25838 |9 11711 | |
| 712 | 0 | 2 | |a Национальный исследовательский Томский политехнический университет |b Инженерная школа ядерных технологий |b Отделение ядерно-топливного цикла |3 (RuTPU)RU\TPU\col\23554 |
| 801 | 1 | |a RU |b 63413507 |c 20140513 | |
| 801 | 2 | |a RU |b 63413507 |c 20220209 |g RCR | |
| 856 | 4 | 0 | |u https://www.elibrary.ru/item.asp?id=32281820 |
| 856 | 4 | 0 | |u https://doi.org/10.18454/2079-6641-2017-20-4-28-34 |
| 942 | |c CF | ||